| 000 | 00921nam a2200229 a 4500 | ||
|---|---|---|---|
| 001 | 000035963 | ||
| 005 | 20200930074746.0 | ||
| 008 | 111121s1991 dr ac r 000 0 spa d | ||
| 040 |
_aDO-SdBNP _bspa _cBNPHU |
||
| 082 |
_a791.4362355 _bM519u |
||
| 100 | 1 |
_aMeléndez, Agliberto _961985 |
|
| 245 | 1 | 3 |
_aUn pasaje de ida : _bla tragedia del emigrante clandestino / _cAgliberto Meléndez. |
| 260 |
_aSanto Domingo : _bTaller, _c1991. |
||
| 300 |
_a158 p. : _bil., retrs. ; _c21 cm. |
||
| 500 | _aGuión original de la película, con el comentario ¨Asi se batió el cobre¨ sobre la realización del film. | ||
| 590 | _aInventariado, 2018/BT | ||
| 650 | 4 |
_aGuiones cinematográficos _961986 |
|
| 650 | 4 |
_aCine _zRepública Dominicana _xArgumentos, tramas, etc. _961987 |
|
| 650 | 4 |
_aExtranjeros ilegales _961988 |
|
| 650 | 4 |
_aInmigrantes _xPelículas cinematográficas _961989 |
|
| 910 | _aValidado. Control de la calidad. EMS | ||
| 999 |
_c35454 _d35454 |
||